Understanding housing defects (Record no. 102888)
[ view plain ]
| 000 -LEADER | |
|---|---|
| fixed length control field | 01282cam a2200289 4500 |
| 008 - FIXED-LENGTH DATA ELEMENTS--GENERAL INFORMATION | |
| fixed length control field | #DATE n2003 000 0 eng u |
| 020 ## - INTERNATIONAL STANDARD BOOK NUMBER | |
| International Standard Book Number | 0728204177 |
| 035 ## - SYSTEM CONTROL NUMBER | |
| System control number | (Sirsi) u122595 |
| 041 ## - LANGUAGE CODE | |
| Language code of text/sound track or separate title | eng |
| 050 ## - LIBRARY OF CONGRESS CALL NUMBER | |
| Classification number | 690.25 |
| -- | 18 |
| 100 ## - MAIN ENTRY--PERSONAL NAME | |
| Personal name | Marshall, Duncan |
| 245 ## - TITLE STATEMENT | |
| Title | Understanding housing defects |
| Medium | [electronic resource] |
| 250 ## - EDITION STATEMENT | |
| Edition statement | 2nd ed. |
| 260 ## - PUBLICATION, DISTRIBUTION, ETC. | |
| Place of publication, distribution, etc. | London |
| Name of publisher, distributor, etc. | Estates Gazette |
| Date of publication, distribution, etc. | 2003 |
| 300 ## - PHYSICAL DESCRIPTION | |
| Extent | eBook |
| 520 ## - SUMMARY, ETC. | |
| Summary, etc. | Provides a comprehensive introduction to the causes, investigation and diagnosis of housing defects. Explains why and how defects occur and how defects can be recognised and identified. Includes chapters on legal definitions and implications, foundations, walls, brickwork, floors, roofs, external rendering, plastering, timber pests, condensation, damp, system building and services. Appendix summarises five distinct periods of housing construction. |
| 520 ## - SUMMARY, ETC. | |
| Summary, etc. | This title is also available as an eBook. |
| 650 ## - SUBJECT ADDED ENTRY--TOPICAL TERM | |
| Topical term or geographic name entry element | HOUSING DEFECTS |
| 650 ## - SUBJECT ADDED ENTRY--TOPICAL TERM | |
| Topical term or geographic name entry element | EBOOK |
| 650 ## - SUBJECT ADDED ENTRY--TOPICAL TERM | |
| Topical term or geographic name entry element | BUILDING MOVEMENT |
| 690 ## - LOCAL SUBJECT ADDED ENTRY--TOPICAL TERM (OCLC, RLIN) | |
| Topical term or geographic name as entry element | BUILT ENVIRONMENT-BUILDING PATHOLOGY |
| 700 ## - ADDED ENTRY--PERSONAL NAME | |
| Personal name | Worthing, Derek |
| 700 ## - ADDED ENTRY--PERSONAL NAME | |
| Personal name | Heath, Roger |
| 856 41 - ELECTRONIC LOCATION AND ACCESS | |
| Uniform Resource Identifier | <a href="https://www.vlebooks.com/">https://www.vlebooks.com/</a> |
| Public note | View on VLEbooks. Logins for members only from [email protected] |
| 942 ## - ADDED ENTRY ELEMENTS (KOHA) | |
| Suppress in OPAC | 0 |
| Withdrawn status | Lost status | Damaged status | Not for loan | Home library | Current library | Shelving location | Date acquired | Total Checkouts | Full call number | Barcode | Date last seen | Date last checked out | Copy number | Price effective from | Koha item type | Source of classification or shelving scheme |
|---|---|---|---|---|---|---|---|---|---|---|---|---|---|---|---|---|
| Missing from bundle | London | London | Basement | 04/08/2004 | 42 | BASEMENT 61 | 30068785 | 06/08/2019 | 12/08/2009 | 2 | 06/08/2019 | Book | ||||
| Virtual | Virtual | Online | 04/02/2010 | EBOOK | 122595-4001 | 06/08/2019 | 1 | 06/08/2019 | Book | Dewey Decimal Classification |